|
|
|
|
| LEADER |
00000nam0a2200000 4500 |
| 001 |
228642 |
| 005 |
20231101230906.0 |
| 010 |
|
|
|a 5020256986
|
| 020 |
|
|
|a RU
|b 90-27097
|
| 035 |
|
|
|a (RuTPU)RU\TPU\book\249122
|
| 090 |
|
|
|a 228642
|
| 100 |
|
|
|a 20121220d1990 m a0rusy5003 ca
|
| 101 |
0 |
|
|a rus
|
| 102 |
|
|
|a RU
|
| 105 |
|
|
|a y z 001zy
|
| 200 |
1 |
|
|a Вольная школа науки и просвещения
|e Санкт-Петербургская биологическая лаборатория - Государственный естественно-научный институт им. П. Ф. Лесгафта
|f Н. Н. Яковлев
|g Академия наук СССР (АН СССР)
|
| 210 |
|
|
|a Ленинград
|c Наука
|d 1990
|
| 215 |
|
|
|a 136 с.
|d 20 см
|
| 225 |
1 |
|
|a Научно-популярная литература
|a История науки и техники
|
| 320 |
|
|
|a Библиогр.: с. 131-132.
|
| 606 |
1 |
|
|a Естествознание
|x История
|2 stltpush
|3 (RuTPU)RU\TPU\subj\38880
|9 59129
|
| 610 |
1 |
|
|a естественно-научные институты
|
| 610 |
1 |
|
|a наука
|
| 610 |
1 |
|
|a просвещение
|
| 610 |
1 |
|
|a Россия
|
| 675 |
|
|
|a 5(09)
|z rus
|
| 700 |
|
1 |
|a Яковлев
|b Н. Н.
|g Николай Николаевич
|4 070
|
| 712 |
0 |
2 |
|a Академия наук СССР (АН СССР)
|2 stltpush
|3 (RuTPU)RU\TPU\col\722
|
| 801 |
|
0 |
|a RU
|b RuMRKP
|c 19950417
|g psbo
|
| 801 |
|
1 |
|a RU
|b 63413507
|c 20121220
|
| 801 |
|
2 |
|a RU
|b 63413507
|c 20130210
|g RCR
|
| 942 |
|
|
|c BK
|